000 00986cpcaa2200277 4500
001 mm 82091850
003 DLC
005 20260227111717.0
008 820422|||||||||||| eng
010 _amm 82091850
040 _aDLC
_cDLC
_edacs
_dDLC
072 7 _aC
_2lcmd
100 1 _aCutler, Manasseh,
_d1742-1823.
245 0 0 _aCommonplace-book of Manasseh Cutler,
_f1762 June 10.
300 _a1
_fitem.
300 _a1
_fcontainer.
300 _a0.1
_flinear feet.
506 0 _aOpen to research.
520 8 _aTypescript copy of a commonplace-book kept by Cutler as a student at Yale College, New Haven, Conn.
533 _aTypescript.
_b[S.l.].
546 _aCollection material in English.
610 2 0 _aYale College (1718-1887)
_xStudents.
650 0 _aCommonplace books.
650 0 _aUniversities and colleges
_zConnecticut
_zNew Haven.
999 _c43808
_d43808